LIBRARY & INFORMATION CENTRE, KCAET, TAVANUR

ONLINE PUBLIC ACCESS CATALOGUE (OPAC)

Development and evaluation of millet-based yoghurt / (Record no. 18103)

MARC details
000 -LEADER
fixed length control field 00461nam a2200169 4500
003 - CONTROL NUMBER IDENTIFIER
control field OSt
082 ## - DEWEY DECIMAL CLASSIFICATION NUMBER
Classification number 664
Item number ASW/DE
088 ## - REPORT NUMBER
Report number P 623
100 ## - MAIN ENTRY--AUTHOR NAME
Personal name Aswin P K
245 ## - TITLE STATEMENT
Title Development and evaluation of millet-based yoghurt /
260 ## - PUBLICATION, DISTRIBUTION, ETC. (IMPRINT)
Place of publication Tavanur :
Name of publisher Department of Processing and Food Engineering,
Year of publication 2024.
700 ## - ADDED ENTRY--PERSONAL NAME
Personal name Fathima Shimna
700 ## - ADDED ENTRY--PERSONAL NAME
Personal name Neeharika
700 ## - ADDED ENTRY--PERSONAL NAME
Personal name Nayanthara B
700 ## - ADDED ENTRY--PERSONAL NAME
Personal name Rajesh G K (Guide)
942 ## - ADDED ENTRY ELEMENTS (KOHA)
Koha item type Project Report
Holdings
Collection code Home library Current library Full call number Accession Number Koha item type
Reference KAUAET KAUAET 664 ASW/DE P 623 Project Report
free website counter